000 00375nam a2200157Ia 4500
008 151213s9999 xx 000 0 und d
100 _aP. Narayanar
245 _aIntellectual Property Law
_cP. Narayanar
250 _a3rd
260 _aKolkata
_bEstern Low House
_c2001
300 _a3710 p.
650 _aLaw
650 _aLaw
700 _aP. Narayanar
999 _c2462
_d2462